000
00339nam a22001337a 4500
005
20170731112727.0
008
170731b xxu||||| |||| 00| 0 eng d
040
_c
PK-LaUMT
082
_a
ZIAC 297
_b
DUA-
245
_a
Dua e Jamilah/
260
_a
دیلی:
_b
کتب خانہ اشاعت الاسلام،
_c
] [
300
_a
[ ]
942
_c
BK
999
_c
95975
_d
95975